| 000 | 00687cam a2200193 i 4500 | ||
|---|---|---|---|
| 020 | _a9780073385631 (complete : alk. paper) | ||
| 020 | _a0073385638 (complete : alk. paper) | ||
| 020 | _a9780077275600 (volume 1 : alk. paper) | ||
| 020 | _a0077275608 (volume 1 : alk. paper) | ||
| 020 | _a9780077275617 (volume 2 : alk. paper) | ||
| 020 | _a0077275616 (volume 2 : alk. paper) | ||
| 040 | _cDLC | ||
| 082 | 0 | 0 | _a973 MCG 2015 A115 Or. |
| 100 | 1 | _aHenkin, David M. | |
| 245 | 1 | 0 |
_aBecoming America : _ba history for the 21st century / |
| 300 |
_axxxi, 912, A-16, G-8, C-6, I-38 pages : _billustrations, maps, portraits ; _c29 cm |
||
| 700 | 1 | _aMcLennan, Rebecca M., | |
| 942 | _cAEDBB | ||
| 999 |
_c17482 _d17482 |
||